Top 100 Boy Names of 2014 (Portugal) Quiz Stats

 Plays Quiz not verified by Sporcle

Score 0/102 Timer 10:00
0 Plays Today
Rank Name % Correct
15Pedro
86.4%
23José
85.4%
09Miguel
82.5%
36Luís
82.5%
50Carlos
82%
28António
81.6%
01João
81.1%
31Manuel
77.7%
27Daniel
76.7%
29André
75.7%
74Fernando
74.8%
22David
73.3%
03Francisco
71.8%
59Davi
71.4%
57Paulo
70.9%
42Ricardo
69.9%
55Jorge
69.4%
98Alex
68.9%
06Tomás
67.5%
14Gabriel
64.1%
16Rafael
62.6%
60Marco
61.7%
40Filipe
60.7%
07Afonso
60.2%
11Tiago
60.2%
37Eduardo
59.7%
68Cristiano
58.3%
32Henrique
55.8%
45Samuel
55.8%
52Rui
55.8%
13Diogo
55.3%
63Mário
55.3%
38Alexandre
54.9%
19Lucas
53.4%
Rank Name % Correct
46Bruno
53.4%
49Nuno
52.9%
80Vitor
52.4%
87Luca
52.4%
34Bernardo
51.9%
08Duarte
51%
10Guilherme
51%
33Leonardo
51%
04Martim
50%
53Artur
49.5%
02Rodrigo
48.5%
05Santiago
47.6%
51Hugo
47.6%
12Gonçalo
46.6%
18Dinis
46.6%
44Rúben
45.6%
24Vicente
44.2%
26Diego
44.2%
16Salvador
43.7%
58Joaquim
43.2%
56Sebastião
42.2%
61Frederico
41.7%
20Simão
41.3%
54Fábio
40.8%
67Ivan
40.3%
21Gustavo
39.8%
47Isaac
39.8%
48Xavier
39.8%
74Noah
39.3%
83William
39.3%
83Sérgio
38.3%
30Vasco
36.9%
39Leandro
35.4%
63Kevin
35.4%
Rank Name % Correct
73Jaime
35.4%
35Mateus
34%
72Angelo
30.6%
40Enzo
30.1%
70Renato
30.1%
43Matias
29.1%
99Dário
28.6%
80Joel
28.2%
83Emanuel
28.2%
80Raúl
27.2%
25Lourenço
26.7%
79Manel
26.7%
97Ian
26.2%
87Nelson
25.7%
68Kévim
25.2%
99Mauro
25.2%
63Ivo
24.8%
78Brian
24.8%
87Isac
24.8%
99Igor
23.8%
95Wilson
23.3%
71Tomé
22.8%
83Edgar
22.3%
77Benjamim
21.8%
90César
21.8%
63Valentim
20.9%
99Flávio
20.9%
95Yuri
17.5%
61Micael
17%
76Gil
16%
93Ismael
15%
90Sandro
14.6%
94Márcio
11.2%
90Lisandro
9.2%

You're not logged in!

Compare scores with friends on all Sporcle quizzes.
OR
Log In

Sporcle TV

Today on Sporcle TV


Watch our educational content, quiz creation guides, and fun videos on Sporcle TV.

Show Comments

Extras

Top Quizzes Today


Score Distribution

Your Account Isn't Verified!

In order to create a playlist on Sporcle, you need to verify the email address you used during registration. Go to your Sporcle Settings to finish the process.

Report this User

Report this user for behavior that violates our Community Guidelines.

Details: